| 000 | 00502nam a2200181Ia 4500 | ||
|---|---|---|---|
| 008 | 140626s9999 xx 000 0 und d | ||
| 100 | _aPierce, Jason. | ||
| 245 | 4 |
_aThe too-much-of-a-good-thing effect in management / _cJason Pierce ... [et al.]. |
|
| 260 | _cc2013. | ||
| 300 | _a39 : 2, page 313 | ||
| 440 | _aJournal of Management | ||
| 521 | _aBSBA | ||
| 650 | _aEpistemology. | ||
| 650 | _aManagement theory. | ||
| 650 | _aMeta-theory. | ||
| 650 | _aScientific progress. | ||
| 942 | _cSE | ||
| 999 |
_c121012 _d121012 |
||